Las medidas cautelares en el proceso de propiedad industrial

Bibliographic Details
Main Author: Přez Daud,̕ Vicente
Format: Unknown
Language:Spanish
Published: Barcelona : Jos ̌Mara̕ Bosch, 1996
Subjects:
Online Access:Acceso restringido

MARC

LEADER 00000ny a22000003n 4500
005 20110224145022.0
008 080624s1996 sp s 000 0 spa c
020 |a 8476983840 
035 |a 1182 
040 |a UMA.RE  |d vLex 
080 |a 347.77(460)(0.034) 
090 |c 19  |d 19 
100 1 |a Přez Daud,̕ Vicente 
245 1 4 |a Las medidas cautelares en el proceso de propiedad industrial  |h [Recurso electrn̤ico]  |c Vicente Přez Daud̕ 
256 |a Servicio en ln̕ea 
260 |a Barcelona :  |b Jos ̌Mara̕ Bosch,  |c 1996 
300 |a 393 p. 
506 1 |a Contenido solo disponible en los productos indicados  |d vLex Global  |d vLex Global (Academic Edition, excluding Law Schools)  |d vLex Global (U.S. Academic Edition, Law Schools)  |d vLex Global (U.S. Academic Edition, excluding Law Schools)  |d vLex Global (Academic Edition, Law Schools) 
650 0 7 |a Medidas cautelares  |2 Tesauro vLex 
650 0 7 |a Propiedad industrial  |2 Tesauro vLex 
650 0 7 |a Procesal  |2 Tesauro vLex 
650 0 7 |a Civil  |2 Tesauro vLex 
650 0 7 |a PARCELAS MENSAIS  |2 Tesauro vLex 
650 0 7 |a Medidas cautelares  |2 Tesauro vLex 
740 0 |a vLex Libros (Servicios en ln̕ea) 
856 4 0 |z Acceso restringido  |u http://vlex.com/source/medida-cautelar-proceso-propiedad-industrial-1182 
942 |c BOOK 
999 0 |a Preventive law  |b Spain 
999 0 |a Industrial property  |b Spain 
999 0 |a Procedure (Law)  |b Spain 
999 0 |a Civil Law  |b Spain